1898 1083 1754 1932 1671 1999 1815 1674 1504 1892 1755 1155 1529 1120 1849 1749 1270 1439 1444 1753 1075 1540 1968 1689 1269 1294 1116 1117 1229 1294 1751 1825 1875 1046 1634 1432 1551 1598 1186 1991 1867 1480 1734 1629 1836 1041 1966 1609 1129 1158 1454 1473 1563 1523 1358 1205 1798 1208 1282 1495 1761 1706 1403 1566 1970 1296 1315 1427 1841 1627 1464 1424 1517 1794 1469 1918 1825 1956 1939 1761 1245 1331 1827 1439 1709 1867 1898 1435 1923 1214 1517 1621 1757 1570 1097 1602 1387 1904 1692 BCNSPRNW ULIB Ver.6.0+V

เปลี่ยนเป็นภาษาไทย

Change to English
 แสดงรายละเอียดบรรณานุกรม
  กลับหน้าหลัก

Brief Record : Get Marc (ISO 2709) : E-mail record : QR code < ปิดหน้าต่าง
LEADER : 00000nas 2200000uu 4500
001    13399122824
003     ULIB
008    020711s|||| th a 000 0 tha d
022    16869494
110    โรงพยาบาลศูนย์/โรงพยาบาลทั่วไป เขต4
245    วารสารวิชาการโรงพยาบาลศูนย์/โรงพยาบาลทั่วไป เขต4(วิทยาเขตนครสวรรค์)/^cโรงพยาบาลศูนย์/โรงพยาบาลทั่วไป เขต4
260    อ่างทอง :^bโรงพยาบาลศูนย์/โรงพยาบาลทั่วไป เขต4,^cม.ป.ป.
310    ^aรายสี่เดือน
850 ^a ULIB:campus^bปีที่ 15 ฉบับที่ 2 ;ปีที่ 15 ฉบับที่ 3 ;ปีที่ 16 ฉบับที่ 1 ;ปีที่ 16 ฉบับที่ 2 ฉ.1 ;ปีที่ 17 ฉบับที่ 1 ฉ.1 ;ปีที่ 17 ฉบับที่ 2 ฉ.1
850 ^a ULIB^bปีที่ 16 ฉบับที่ 3 ฉ.1 ;ปีที่ 17 ฉบับที่ 3 ฉ.1
945    ^p0^l0^i800659
945    ^p0^l0^i800834
945    ^p0^l0^i800931
945    ^p0^l0^i801108
945    ^p0^l0^i902945
945    ^p0^l0^i801370
945    ^p0^l0^i801452
945    ^p0^l0^i903707
999    ^aทศพร เกษรทอง
รายการนี้ยังไม่มีแท็ก
คุณยังไม่ได้ล็อกอิน คุณสามารถมีกิจกรรมร่วมกับเว็บไซต์ได้ แต่ต้องล็อกอินก่อน ::
  ล็อกอิน

รายการสื่อสารสนเทศ (วารสาร)

ดูแบบ: กล่อง รายการ
ARRIVED
ปีที่ 15 ฉบับที่ 2
สถานที่: ห้องสมุดวิทยาเขตนครสวรรค์ >วารสาร
ARRIVED
ปีที่ 15 ฉบับที่ 3
สถานที่: ห้องสมุดวิทยาเขตนครสวรรค์ >วารสาร
ARRIVED
ปีที่ 16 ฉบับที่ 1
สถานที่: ห้องสมุดวิทยาเขตนครสวรรค์ >วารสาร
ARRIVED
ปีที่ 16 ฉบับที่ 2 ฉ.1
สถานที่: ห้องสมุดวิทยาเขตนครสวรรค์ >วารสาร
ARRIVED
ปีที่ 16 ฉบับที่ 3 ฉ.1
สถานที่: ห้องสมุดวิทยาเขตสวรรค์ประชารักษ์ >หนังสือพิมพ์
ARRIVED
ปีที่ 17 ฉบับที่ 1 ฉ.1
สถานที่: ห้องสมุดวิทยาเขตนครสวรรค์ >วารสาร
ARRIVED
ปีที่ 17 ฉบับที่ 2 ฉ.1
สถานที่: ห้องสมุดวิทยาเขตนครสวรรค์ >วารสาร
ARRIVED
ปีที่ 17 ฉบับที่ 3 ฉ.1
สถานที่: ห้องสมุดวิทยาเขตสวรรค์ประชารักษ์ >วารสาร

BibComment


ยังไม่เคยถูกคอมเมนท์

คอมเมนท์ทรัพยากรรายการนี้
  คอมเมนท์: วารสารวิชาการโรงพ..


 Copyright 2026. Bcnsprnw @Library